000 00669nam a2200193 4500
001 113141
003 ES-MaACL
005 20230906185755.0
007 t|
008 061121s1969 sp r ||||1| spa d
100 1 _aMut Catala, M.
_984719
245 1 3 _aEl mercado del tomate fresco español /
_cM. Mut Catala, F. de Arieta y G. Tablas.
260 _aZaragoza :
_bCentro de Investigación y Desarrollo Agrario del Ebro,
_c1969.
300 _a204 p. :
_bil ;
_c24 cm.
700 1 _aArieta, F. de.
_922823
700 1 _aTablas, G.
_9109022
710 2 _aCentro de Investigación y Desarrollo Agrario del Ebro (Zaragoza)
_92701
852 _aES-MaACL
_jC-45556
_bR.68925
999 _c113141
_d113141